Treinadores da Seleção Brasileira nas Copas do Mundo - Statistics

Estatísticas Gerais
  • Esse quiz foi jogado 237 vezes
  • A pontuação média é 12 de 21
Estatísticas das Respostas
Ano Treinador % Correto
2018 Tite
98%
2002 Luiz Felipe Scolari
97%
2014 Luiz Felipe Scolari
97%
2010 Dunga
93%
1970 Mário Zagallo
92%
1974 Mário Zagallo
92%
1998 Mário Zagallo
92%
1994 Carlos Alberto Parreira
83%
2006 Carlos Alberto Parreira
83%
1982 Telê Santana
75%
1986 Telê Santana
75%
1990 Sebastião Lazaroni
40%
1958 Vicente Feola
39%
1966 Vicente Feola
39%
1962 Aymoré Moreira
30%
1954 Zezé Moreira
30%
1978 Cláudio Coutinho
27%
1950 Flávio Costa
17%
1930 Píndaro de Carvalho Rodrigues
11%
1938 Ademar Pimenta
8%
1934 Luis Vinhaes
8%
Nenhum quiz correspondente encontrado
Distribuição das Pontuações
Porcentagem de Pessoas com Cada Pontuação
Percentil de Números Respondidos
Sua Pontuação Histórica
Você não jogou esse quiz